<?xml version="1.0" encoding="UTF-8"?>
<record
    xmlns:xsi="http://www.w3.org/2001/XMLSchema-instance"
    xsi:schemaLocation="http://www.loc.gov/MARC21/slim http://www.loc.gov/standards/marcxml/schema/MARC21slim.xsd"
    xmlns="http://www.loc.gov/MARC21/slim">

  <leader>01867nam a22002417a 4500</leader>
  <controlfield tag="005">20260611170653.0</controlfield>
  <controlfield tag="008">260611s2025    |||||||| |||| 00| 0 eng d</controlfield>
  <datafield tag="020" ind1=" " ind2=" ">
    <subfield code="a">9789819681754</subfield>
  </datafield>
  <datafield tag="040" ind1=" " ind2=" ">
    <subfield code="c">PK-LaUMT</subfield>
  </datafield>
  <datafield tag="082" ind1=" " ind2=" ">
    <subfield code="a">610.28563</subfield>
    <subfield code="b">ART-</subfield>
  </datafield>
  <datafield tag="245" ind1="0" ind2="0">
    <subfield code="a">Artificial intelligence in human health and diseases /</subfield>
    <subfield code="c">edited by Muzafar Ahmad Macha . . . [et al.]</subfield>
  </datafield>
  <datafield tag="260" ind1=" " ind2=" ">
    <subfield code="a">Singapore :</subfield>
    <subfield code="b">Springer,</subfield>
    <subfield code="c">2025</subfield>
  </datafield>
  <datafield tag="300" ind1=" " ind2=" ">
    <subfield code="a">xii, 377 p.</subfield>
  </datafield>
  <datafield tag="500" ind1=" " ind2=" ">
    <subfield code="a">Includes bibliographical references and index.</subfield>
  </datafield>
  <datafield tag="520" ind1=" " ind2=" ">
    <subfield code="a">This book discusses current concepts and future translational possibilities of Artificial Intelligence (AI) in human healthcare and diseases. The initial chapter reviews the application and integration of AI and multi-omics to develop novel diagnostic and therapeutic strategies. The book chapter also explores the recent advances in data-driven approaches that aided state-of-the-art AI for biomarker discovery and better disease diagnosis. The book also offers computational and oncological prospects for the role of AI in radio genomics, as well as its offers, achievements, opportunities, and limitations in the current clinical practices. The chapters further cover the role of the current state of AI in Cardiovascular Disease, Obesity and Diabetes, Neurological Diseases, and Infectious Diseases. Towards the end, the book highlights the use of AI in diverse pharmaceutical industry sectors, including drug discovery and development, drug repurposing, and improving pharmaceutical productivity. This book is handy for basic, translational, clinical &amp; interdisciplinary researchers and bioinformaticians
</subfield>
  </datafield>
  <datafield tag="546" ind1=" " ind2=" ">
    <subfield code="a">Eng</subfield>
  </datafield>
  <datafield tag="650" ind1=" " ind2=" ">
    <subfield code="a">Artificial intelligence-Medical applications</subfield>
    <subfield code="9">8099</subfield>
  </datafield>
  <datafield tag="650" ind1=" " ind2=" ">
    <subfield code="a">Machine learning</subfield>
  </datafield>
  <datafield tag="700" ind1="0" ind2=" ">
    <subfield code="a">Muzafar Ahmad Macha</subfield>
    <subfield code="9">12785</subfield>
  </datafield>
  <datafield tag="700" ind1="0" ind2=" ">
    <subfield code="a">Assif Assad</subfield>
    <subfield code="9">12786</subfield>
  </datafield>
  <datafield tag="700" ind1="0" ind2=" ">
    <subfield code="a">Muzafar Rasool Bhat</subfield>
    <subfield code="9">12787</subfield>
  </datafield>
  <datafield tag="942" ind1=" " ind2=" ">
    <subfield code="c">BK</subfield>
  </datafield>
  <datafield tag="999" ind1=" " ind2=" ">
    <subfield code="c">141149</subfield>
    <subfield code="d">141149</subfield>
  </datafield>
  <datafield tag="952" ind1=" " ind2=" ">
    <subfield code="0">0</subfield>
    <subfield code="1">0</subfield>
    <subfield code="4">0</subfield>
    <subfield code="7">0</subfield>
    <subfield code="a">01</subfield>
    <subfield code="b">01</subfield>
    <subfield code="d">2026-06-11</subfield>
    <subfield code="l">0</subfield>
    <subfield code="o">610.28563 ART-</subfield>
    <subfield code="p">152948</subfield>
    <subfield code="r">2026-06-11 17:07:04</subfield>
    <subfield code="w">2026-06-11</subfield>
    <subfield code="y">BK</subfield>
  </datafield>
</record>
